000 00564nam a2200229 a 4500
001 nice12345678
003 IN_TiNIC
005 20260116014729.0
008 140814s2004 newa grp 000 0 eng
020 _a9780826477927
_c175
082 0 0 _a230
_bBAR3
100 _aBarth, Karl
245 _aDoctrine of Reconciliation
_b Chruch Dogmatics
260 _aNew York
_bContinuum
_c2004
300 _a182p
500 _aincludes index and biblioraphy
650 _aTheology
700 1 _aBarth, Karl
902 _bSRS
942 _cBK
999 _c16690
_d16690